[Event "Berlin Lichtenberger op 18th"]
[Site "Berlin"]
[Date "2019.08.24"]
[Round "8"]
[White "Kohler, Thomas"]
[Black "Schulz, Hartmut"]
[Result "1/2-1/2"]
[WhiteElo "2178"]
[BlackElo "2064"]
[PlyCount "41"]
[EventDate "2019.08.17"]
[EventType "swiss"]
[EventRounds "9"]
[EventCountry "GER"]
[SourceTitle "EXT 2020"]
[Source "ChessBase"]
[SourceDate "2019.10.17"]
[SourceVersion "1"]
[SourceVersionDate "2019.10.17"]
[SourceQuality "1"]

1. g3 d5 2. Nf3 Bf5 3. Bg2 e6 4. 0-0 Nf6 5. c4 c6 6. d3 Be7 7. Be3 0-0 8. Qb3 Qc7 9. Nc3 Rd8 10. Rac1 dxc4 11. Qxc4 Nbd7 12. Bd2 Ne5 13. Nxe5 Qxe5 14. Qb3 Rd7 15. Qa4 Qd4 16. Qxd4 Rxd4 17. Be3 Rb4 18. b3 Nd5 19. Bd2 Nxc3 20. Bxc3 Rb5 21. d4 1/2-1/2

[Event "Berlin Lichtenberger op 18th"]
[Site "Berlin"]
[Date "2019.08.21"]
[Round "5"]
[White "Heuser, Philip"]
[Black "Kohler, Thomas"]
[Result "1-0"]
[WhiteElo "2064"]
[BlackElo "2178"]
[PlyCount "47"]
[EventDate "2019.08.17"]
[EventType "swiss"]
[EventRounds "9"]
[EventCountry "GER"]
[SourceTitle "EXT 2020"]
[Source "ChessBase"]
[SourceDate "2019.10.17"]
[SourceVersion "1"]
[SourceVersionDate "2019.10.17"]
[SourceQuality "1"]

1. d4 d6 2. Nf3 g6 3. g3 Bg7 4. Bg2 Nf6 5. 0-0 0-0 6. c4 Nc6 7. Nc3 e5 8. dxe5 dxe5 9. Bg5 Be6 10. Qc1 Qc8 11. Rd1 Nd7 12. Nd5 e4 13. Nd2 f5 14. Nb3 Kh8 15. Bh6 Bxh6 16. Qxh6 Nde5 17. Qc1 Rf7 18. Qc3 Kg8 19. f3 exf3 20. exf3 f4 21. Re1 fxg3 22. hxg3 Bxd5 23. cxd5 Nxf3+ 24. Bxf3 1-0

[Event "Berlin Eckbauer op 21st"]
[Site "Berlin"]
[Date "2018.11.05"]
[Round "4"]
[White "Kohler, Thomas"]
[Black "Boettcher, Patrick"]
[Result "1/2-1/2"]
[WhiteElo "2178"]
[BlackElo "2034"]
[PlyCount "27"]
[EventDate "2018.10.08"]
[EventType "swiss"]
[EventRounds "7"]
[EventCountry "GER"]
[SourceTitle "CBM 189 Extra"]
[Source "ChessBase"]
[SourceDate "2019.05.31"]
[SourceVersion "1"]
[SourceVersionDate "2019.05.31"]
[SourceQuality "1"]

1. c4 c5 2. g3 Nc6 3. Bg2 g6 4. Nc3 Bg7 5. e3 e5 6. Nge2 Nge7 7. a3 d6 8. Rb1 a5 9. d3 0-0 10. 0-0 Rb8 11. Bd2 Be6 12. Nd5 b5 13. b3 b4 14. a4 1/2-1/2

[Event "Berlin Eckbauer op 21st"]
[Site "Berlin"]
[Date "2018.10.22"]
[Round "3"]
[White "Zschaebitz, Klaus"]
[Black "Kohler, Thomas"]
[Result "1/2-1/2"]
[WhiteElo "2024"]
[BlackElo "2178"]
[PlyCount "30"]
[EventDate "2018.10.08"]
[EventType "swiss"]
[EventRounds "7"]
[EventCountry "GER"]
[SourceTitle "CBM 189 Extra"]
[Source "ChessBase"]
[SourceDate "2019.05.31"]
[SourceVersion "1"]
[SourceVersionDate "2019.05.31"]
[SourceQuality "1"]

1. c4 g6 2. g3 Bg7 3. Bg2 Nf6 4. Nc3 0-0 5. e4 c5 6. Nge2 Nc6 7. d3 a6 8. 0-0 Rb8 9. a4 d6 10. h3 Ne8 11. Be3 b5 12. axb5 axb5 13. Nxb5 Nc7 14. Nec3 Nxb5 15. Nxb5 Bxb2 1/2-1/2

[Event "Berlin Lichtenberger op 17th"]
[Site "Berlin"]
[Date "2018.08.24"]
[Round "7"]
[White "Kohler, Thomas"]
[Black "Hacker, Jonas"]
[Result "0-1"]
[WhiteElo "2161"]
[BlackElo "2316"]
[PlyCount "62"]
[EventDate "2018.08.18"]
[EventType "swiss"]
[EventRounds "9"]
[EventCountry "GER"]
[SourceTitle "CBM 186 Extra"]
[Source "ChessBase"]
[SourceDate "2018.08.24"]
[SourceVersion "1"]
[SourceVersionDate "2018.08.24"]
[SourceQuality "1"]

1. Nf3 d5 2. g3 Bg4 3. Bg2 Nd7 4. c4 e6 5. cxd5 exd5 6. 0-0 c6 7. d3 Bd6 8. Nc3 Ngf6 9. Be3 0-0 10. Qb3 Bc5 11. Bf4 Nb6 12. Qc2 Bd6 13. Bd2 Re8 14. Rae1 Bf8 15. e4 d4 16. Ne2 Nxe4 17. dxe4 d3 18. Qc1 dxe2 19. Rxe2 Qd3 20. Re3 Qa6 21. h3 Bxf3 22. Bxf3 Qxa2 23. b3 Qa3 24. Qc3 Qc5 25. Qb2 Qa3 26. Qc3 Qc5 27. Qb2 a5 28. Re2 Qb5 29. Rb1 Rad8 30. Bc3 Rd3 31. Kg2 a4 0-1

[Event "Berlin Lichtenberger op 17th"]
[Site "Berlin"]
[Date "2018.08.23"]
[Round "6"]
[White "Nohr, Jonas"]
[Black "Kohler, Thomas"]
[Result "0-1"]
[WhiteElo "2100"]
[BlackElo "2161"]
[PlyCount "104"]
[EventDate "2018.08.18"]
[EventType "swiss"]
[EventRounds "9"]
[EventCountry "GER"]
[SourceTitle "CBM 186 Extra"]
[Source "ChessBase"]
[SourceDate "2018.08.24"]
[SourceVersion "1"]
[SourceVersionDate "2018.08.24"]
[SourceQuality "1"]

1. d4 Nf6 2. c4 g6 3. Nc3 Bg7 4. e4 d6 5. Nge2 Nbd7 6. f3 0-0 7. Be3 c5 8. d5 Ne5 9. Ng3 e6 10. Be2 exd5 11. cxd5 h5 12. 0-0 a6 13. Qd2 b5 14. a3 c4 15. Bd4 Re8 16. Rae1 Ned7 17. Bd1 Rb8 18. f4 Qc7 19. e5 dxe5 20. fxe5 Nxe5 21. Qf4 Nfg4 22. Bxg4 Bxg4 23. d6 Qxd6 24. Bxe5 Bxe5 25. Qxf7+ Kh8 26. Nce4 Qe6 27. Qf2 Qb6 28. Nc5 Rbc8 29. Rxe5 Rxe5 30. Nge4 Rxe4 31. Nxe4 Qxf2+ 32. Rxf2 Kg7 33. Rd2 Rc6 34. h3 Bf5 35. Nc3 Kf7 36. Rd8 Ke7 37. Rd2 Rd6 38. Re2+ Kd7 39. Kf2 Kc6 40. Kg3 a5 41. a4 b4 42. Nb5 Rd3+ 43. Kf4 Kc5 44. g4 hxg4 45. hxg4 Bd7 46. Kg5 Bxb5 47. axb5 c3 48. bxc3 bxc3 49. Kxg6 Rd2 50. Re5+ Rd5 51. Re3 Kd4 52. Re1 c2 0-1

[Event "Berlin Werner Ott op"]
[Site "Berlin"]
[Date "2018.07.08"]
[Round "9"]
[White "Kohler, Thomas"]
[Black "Hacker, Jonas"]
[Result "1/2-1/2"]
[WhiteElo "2147"]
[BlackElo "2291"]
[PlyCount "182"]
[EventDate "2018.06.30"]
[EventType "swiss"]
[EventRounds "9"]
[EventCountry "GER"]
[SourceTitle "CBM 185 Extra"]
[Source "ChessBase"]
[SourceDate "2018.07.29"]
[SourceVersion "1"]
[SourceVersionDate "2018.07.29"]
[SourceQuality "1"]

1. Nf3 d5 2. g3 c6 3. Bg2 Bg4 4. 0-0 Nd7 5. d4 Ngf6 6. Nbd2 e6 7. Re1 Bd6 8. e4 Nxe4 9. Nxe4 dxe4 10. Rxe4 Nf6 11. Re1 0-0 12. c3 h6 13. Qb3 Qb6 14. Ne5 Bf5 15. Nc4 Qxb3 16. axb3 Bc7 17. Na5 Rab8 18. b4 a6 19. Nb3 Nd7 20. Be3 Bd6 21. Na5 Rfc8 22. Nc4 Bc7 23. Na5 Bd6 24. Nc4 Bc7 25. Na5 Nf6 26. Nb3 Bd6 27. Nc5 Kh7 28. Bd2 Rc7 29. Bf1 g5 30. f3 Rg8 31. Ne4 Be7 32. Nf2 Bd6 33. Ne4 Be7 34. Nf2 h5 35. Nd3 Bd6 36. Ne5 Bf8 37. h3 g4 38. hxg4 hxg4 39. fxg4 Nxg4 40. Nxg4 Rxg4 41. Bf4 Rd7 42. Be2 Rg7 43. Kf2 Kg8 44. Be5 Rh7 45. g4 Bg6 46. Rh1 Bg7 47. Rxh7 Bxh7 48. Bxg7 Kxg7 49. Ke3 Kf6 50. Kf4 Bg6 51. g5+ Kg7 52. Bf3 Bc2 53. Rh1 Rd8 54. Rh2 Bd3 55. Rh3 Bf5 56. Rh1 Rg8 57. Re1 Kf8 58. Rh1 Ke7 59. Re1 Kd6 60. Ra1 Bd3 61. Rh1 Ke7 62. Rh3 Bf5 63. Rh1 Kd6 64. Ra1 Bg6 65. Rh1 Re8 66. Re1 Bc2 67. Rc1 Bd3 68. Rd1 Bf5 69. Bh5 Rh8 70. Rh1 Bg6 71. Bf3 Ra8 72. Ra1 Rd8 73. Bg2 Ke7 74. Rh1 Bd3 75. Rh3 Bb1 76. Rh1 Bc2 77. Rc1 Bb3 78. Rg1 Bc2 79. Bf3 Bg6 80. Rh1 Rb8 81. Ra1 Rf8 82. Rg1 Bc2 83. Rh1 Rd8 84. Rh2 Bd3 85. Rh3 Rg8 86. Rh1 Rd8 87. Ke3 Bc2 88. Kf4 Ra8 89. Ra1 Ra7 90. Ke5 Bg6 91. Bg2 Bd3 1/2-1/2

[Event "Berlin Werner Ott op"]
[Site "Berlin"]
[Date "2018.07.03"]
[Round "4"]
[White "Kohler, Thomas"]
[Black "Weber, Erwin"]
[Result "1/2-1/2"]
[WhiteElo "2147"]
[BlackElo "1982"]
[PlyCount "42"]
[EventDate "2018.06.30"]
[EventType "swiss"]
[EventRounds "9"]
[EventCountry "GER"]
[SourceTitle "CBM 185 Extra"]
[Source "ChessBase"]
[SourceDate "2018.07.29"]
[SourceVersion "1"]
[SourceVersionDate "2018.07.29"]
[SourceQuality "1"]

1. Nf3 f5 2. d3 Nc6 3. d4 e6 4. c4 d5 5. g3 Nf6 6. Bg2 Bb4+ 7. Bd2 Be7 8. 0-0 0-0 9. b3 Ne4 10. Bc1 Bf6 11. Bb2 Bd7 12. Na3 Be8 13. Nc2 Bh5 14. Nce1 g5 15. Rc1 Bg7 16. Ne5 Nxe5 17. dxe5 dxc4 18. Qc2 cxb3 19. axb3 c6 20. Nd3 Qb6 21. Kh1 g4 1/2-1/2

[Event "Berlin Werner Ott op"]
[Site "Berlin"]
[Date "2018.07.01"]
[Round "2"]
[White "Kohler, Thomas"]
[Black "Schneider, Eckehard"]
[Result "1-0"]
[WhiteElo "2147"]
[BlackElo "1854"]
[PlyCount "65"]
[EventDate "2018.06.30"]
[EventType "swiss"]
[EventRounds "9"]
[EventCountry "GER"]
[SourceTitle "CBM 185 Extra"]
[Source "ChessBase"]
[SourceDate "2018.07.29"]
[SourceVersion "1"]
[SourceVersionDate "2018.07.29"]
[SourceQuality "1"]

1. c4 Nf6 2. g3 g6 3. Bg2 Bg7 4. Nc3 0-0 5. e4 e5 6. Nge2 d6 7. 0-0 Nc6 8. d3 a6 9. h3 Rb8 10. Be3 Be6 11. Nd5 Ne7 12. d4 Bxd5 13. cxd5 Nd7 14. dxe5 Nxe5 15. Rc1 c5 16. dxc6 N5xc6 17. Qd2 Qd7 18. Rfd1 Qe6 19. b3 Rfd8 20. Nf4 Qe5 21. Nd3 Qf6 22. Bb6 Re8 23. Nf4 Nc8 24. Nd5 Qe5 25. Be3 N8e7 26. Bf4 Qd4 27. Bxd6 Qxd2 28. Rxd2 Bh6 29. f4 Nxd5 30. exd5 Ne7 31. Bxb8 Rxb8 32. d6 f5 33. d7 1-0

[Event "Berlin Eckbauer op 20th"]
[Site "Berlin"]
[Date "2017.11.27"]
[Round "7"]
[White "Kohler, Thomas"]
[Black "Brustkern, Juergen"]
[Result "1/2-1/2"]
[WhiteElo "2147"]
[BlackElo "2287"]
[PlyCount "20"]
[EventDate "2017.10.09"]
[EventType "swiss"]
[EventRounds "7"]
[EventCountry "GER"]
[SourceTitle "CBM 189 Extra"]
[Source "ChessBase"]
[SourceDate "2019.05.31"]
[SourceVersion "1"]
[SourceVersionDate "2019.05.31"]
[SourceQuality "1"]

1. Nf3 Nf6 2. c4 g6 3. b3 Bg7 4. Bb2 0-0 5. g3 d6 6. d4 e5 7. dxe5 Ng4 8. Qd2 Nxe5 9. Bg2 Nbc6 10. 0-0 Nxf3+ 1/2-1/2

[Event "Berlin Lichtenberger op 16th"]
[Site "Berlin"]
[Date "2017.08.26"]
[Round "8"]
[White "Kohler, Thomas"]
[Black "Moeller, Dustin"]
[Result "1-0"]
[WhiteElo "2154"]
[BlackElo "2081"]
[PlyCount "59"]
[EventDate "2017.08.19"]
[EventType "swiss"]
[EventRounds "9"]
[EventCountry "GER"]
[SourceTitle "CBM 180 Extra"]
[Source "ChessBase"]
[SourceDate "2017.10.06"]
[SourceVersion "1"]
[SourceVersionDate "2017.10.06"]
[SourceQuality "1"]

1. c4 e6 2. g3 d5 3. Bg2 Nf6 4. Nf3 Be7 5. 0-0 0-0 6. d4 dxc4 7. Qc2 a6 8. a4 Bd7 9. Qxc4 Bc6 10. Bg5 Bd5 11. Qc2 Be4 12. Qd1 c5 13. dxc5 Bxc5 14. Nbd2 Bc6 15. Nc4 Qxd1 16. Rfxd1 Ng4 17. Rf1 Bd5 18. Nfd2 f6 19. Bf4 Bxg2 20. Kxg2 e5 21. Ne4 Rc8 22. Nxc5 Rxc5 23. Nb6 Ra7 24. Rac1 Rc6 25. Nc8 Rxc1 26. Rxc1 Ra8 27. Nb6 Ra7 28. Rc8+ Kf7 29. Rxb8 exf4 30. Nc8 1-0

[Event "Berlin Lichtenberger op 16th"]
[Site "Berlin"]
[Date "2017.08.24"]
[Round "6"]
[White "Kohler, Thomas"]
[Black "Seitz, Patrick"]
[Result "1/2-1/2"]
[WhiteElo "2154"]
[BlackElo "1956"]
[PlyCount "66"]
[EventDate "2017.08.19"]
[EventType "swiss"]
[EventRounds "9"]
[EventCountry "GER"]
[SourceTitle "CBM 180 Extra"]
[Source "ChessBase"]
[SourceDate "2017.10.06"]
[SourceVersion "1"]
[SourceVersionDate "2017.10.06"]
[SourceQuality "1"]

1. c4 Nf6 2. g3 e6 3. Bg2 d5 4. Nf3 Nc6 5. 0-0 Bd6 6. d4 0-0 7. Nbd2 b6 8. b3 Bb7 9. Bb2 Ne7 10. e4 dxe4 11. Ng5 Ng6 12. Ngxe4 Nxe4 13. Nxe4 Rb8 14. f4 Be7 15. Qe2 Re8 16. Rad1 f5 17. Nd2 Bxg2 18. Qxg2 Bf6 19. Nf3 h5 20. Rd2 h4 21. Rfd1 hxg3 22. hxg3 c6 23. Ba3 Qc8 24. Bd6 Rb7 25. Ne5 Rd8 26. Ba3 Bxe5 27. dxe5 Rbd7 28. Bd6 Kf7 29. Qf2 Rh8 30. Ba3 Rc7 31. Bd6 Rd7 32. Ba3 Rc7 33. Bd6 Rd7 1/2-1/2

[Event "Berlin Lichtenberger op 16th"]
[Site "Berlin"]
[Date "2017.08.21"]
[Round "3"]
[White "Ziems, Michael"]
[Black "Kohler, Thomas"]
[Result "0-1"]
[WhiteElo "1816"]
[BlackElo "2154"]
[PlyCount "46"]
[EventDate "2017.08.19"]
[EventType "swiss"]
[EventRounds "9"]
[EventCountry "GER"]
[SourceTitle "CBM 180 Extra"]
[Source "ChessBase"]
[SourceDate "2017.10.06"]
[SourceVersion "1"]
[SourceVersionDate "2017.10.06"]
[SourceQuality "1"]

1. d4 d6 2. c4 e5 3. e3 Nd7 4. Nc3 Ngf6 5. Bd3 g6 6. Nge2 Bg7 7. b3 0-0 8. Bb2 Re8 9. Qc2 c6 10. 0-0-0 a6 11. Ng3 b5 12. Nce4 Nxe4 13. Nxe4 bxc4 14. bxc4 Bf8 15. h4 d5 16. Ng5 e4 17. Nxe4 dxe4 18. Bxe4 Rb8 19. h5 Nf6 20. Bxc6 Bf5 21. Qc3 Bb4 22. hxg6 Bxc3 23. gxf7+ Kxf7 0-1

[Event "Berlin Werner Ott op"]
[Site "Berlin"]
[Date "2017.07.23"]
[Round "9"]
[White "Plaza Reino, Agustin"]
[Black "Kohler, Thomas"]
[Result "1/2-1/2"]
[WhiteElo "1861"]
[BlackElo "2164"]
[PlyCount "31"]
[EventDate "2017.07.15"]
[EventType "swiss"]
[EventRounds "9"]
[EventCountry "GER"]
[SourceTitle "EXT 2019"]
[Source "ChessBase"]
[SourceDate "2018.10.10"]
[SourceVersion "1"]
[SourceVersionDate "2018.10.10"]
[SourceQuality "1"]

1. e4 e5 2. Nf3 Nc6 3. d4 exd4 4. Nxd4 Bc5 5. Nb3 Bb6 6. Nc3 Nf6 7. Qe2 d6 8. h3 Be6 9. Be3 0-0 10. 0-0-0 Re8 11. Nd4 Bd7 12. f3 Nxd4 13. Bxd4 Bxd4 14. Rxd4 Qe7 15. Qd2 Rab8 16. Bb5 1/2-1/2

[Event "Berlin Werner Ott op"]
[Site "Berlin"]
[Date "2017.07.22"]
[Round "8"]
[White "Kohler, Thomas"]
[Black "Klenburg, Mikhail"]
[Result "1/2-1/2"]
[WhiteElo "2164"]
[BlackElo "2362"]
[PlyCount "66"]
[EventDate "2017.07.15"]
[EventType "swiss"]
[EventRounds "9"]
[EventCountry "GER"]
[SourceTitle "EXT 2019"]
[Source "ChessBase"]
[SourceDate "2018.10.10"]
[SourceVersion "1"]
[SourceVersionDate "2018.10.10"]
[SourceQuality "1"]

1. c4 e5 2. g3 d6 3. Bg2 f5 4. Nc3 Nf6 5. d3 Be7 6. e4 Nc6 7. Nge2 0-0 8. 0-0 Qe8 9. Nd5 Bd8 10. f3 Qg6 11. Bd2 h5 12. b4 Nxd5 13. cxd5 Nb8 14. f4 c6 15. fxe5 dxe5 16. d4 Bb6 17. Kh1 Bxd4 18. Nxd4 exd4 19. Bc1 fxe4 20. Rxf8+ Kxf8 21. Qxd4 cxd5 22. Qxd5 Nc6 23. b5 Be6 24. Qxe4 Qxe4 25. Bxe4 Nd8 26. Ba3+ Kg8 27. Rf1 Bf7 28. Be7 Rc8 29. Bxd8 Rxd8 30. Bxb7 Bxa2 31. Ra1 Bd5+ 32. Bxd5+ Rxd5 33. Rxa7 Rxb5 1/2-1/2

[Event "Berlin Werner Ott op"]
[Site "Berlin"]
[Date "2017.07.19"]
[Round "5"]
[White "Di Candia, Roberto"]
[Black "Kohler, Thomas"]
[Result "0-1"]
[WhiteElo "1900"]
[BlackElo "2164"]
[PlyCount "64"]
[EventDate "2017.07.15"]
[EventType "swiss"]
[EventRounds "9"]
[EventCountry "GER"]
[SourceTitle "EXT 2019"]
[Source "ChessBase"]
[SourceDate "2018.10.10"]
[SourceVersion "1"]
[SourceVersionDate "2018.10.10"]
[SourceQuality "1"]

1. e4 e5 2. Nf3 Nc6 3. d4 exd4 4. Bc4 Nf6 5. e5 d5 6. Bb5 Ne4 7. Nxd4 Bc5 8. Be3 Bd7 9. Bxc6 bxc6 10. 0-0 Qe7 11. Re1 0-0 12. f3 Ng5 13. f4 Ne4 14. Nd2 f5 15. Nxe4 fxe4 16. Qd2 Bb6 17. Nb3 Be6 18. Qc3 Rxf4 19. Qxc6 Bxe3+ 20. Rxe3 Rb8 21. Nd4 Rb6 22. Qa8+ Rf8 23. Qxa7 Qf7 24. Re2 Bg4 25. e6 Qf6 26. e7 Qxd4+ 27. Kh1 Re8 28. c3 Qe5 29. Rf2 Qxe7 30. Raf1 e3 31. Rf7 e2 32. Rxe7 exf1Q# 0-1

[Event "Berlin Werner Ott op"]
[Site "Berlin"]
[Date "2017.07.18"]
[Round "4"]
[White "Kohler, Thomas"]
[Black "Jurkatis, Hagen"]
[Result "1/2-1/2"]
[WhiteElo "2164"]
[BlackElo "1988"]
[PlyCount "36"]
[EventDate "2017.07.15"]
[EventType "swiss"]
[EventRounds "9"]
[EventCountry "GER"]
[SourceTitle "EXT 2019"]
[Source "ChessBase"]
[SourceDate "2018.10.10"]
[SourceVersion "1"]
[SourceVersionDate "2018.10.10"]
[SourceQuality "1"]

1. c4 f5 2. Nc3 Nf6 3. d4 d6 4. Nf3 g6 5. g3 Bg7 6. Bg2 0-0 7. 0-0 Nc6 8. Qb3 Kh8 9. Rd1 Ne4 10. Be3 Nxc3 11. Qxc3 Qe8 12. Qc2 h6 13. d5 Ne5 14. Rab1 g5 15. Bd4 Bd7 16. Qc3 Nxf3+ 17. Bxf3 Qf7 18. Rbc1 b6 1/2-1/2

[Event "Berlin Lichtenberger op 15th"]
[Site "Berlin"]
[Date "2016.08.19"]
[Round "7"]
[White "Silz, Elisa"]
[Black "Kohler, Thomas"]
[Result "0-1"]
[WhiteElo "1973"]
[BlackElo "2184"]
[PlyCount "58"]
[EventDate "2016.08.13"]
[EventType "swiss"]
[EventRounds "9"]
[EventCountry "GER"]
[SourceTitle "CBM 173 Extra"]
[Source "ChessBase"]
[SourceDate "2016.08.29"]
[SourceVersion "1"]
[SourceVersionDate "2016.08.29"]
[SourceQuality "1"]

1. d4 Nf6 2. Nf3 c5 3. d5 g6 4. c4 e6 5. Nc3 exd5 6. cxd5 d6 7. e4 Bg7 8. Bb5+ Nbd7 9. Bf4 Qe7 10. 0-0 0-0 11. Bd3 Ng4 12. Bg5 f6 13. Bd2 Nde5 14. Be2 f5 15. Nxe5 Qxe5 16. Bxg4 fxg4 17. Rb1 Bd7 18. a4 b6 19. Qe2 Qh5 20. b3 Be5 21. f4 gxf3 22. gxf3 Bh3 23. Rf2 Bd4 24. f4 Bg4 25. Qe1 Bf3 26. Be3 Qg4+ 27. Kf1 Rxf4 28. Bxf4 Qh3+ 29. Kg1 Qg2# 0-1

[Event "Berlin Lichtenberger op 15th"]
[Site "Berlin"]
[Date "2016.08.16"]
[Round "4"]
[White "Kohler, Thomas"]
[Black "Witte, Ronald"]
[Result "1/2-1/2"]
[WhiteElo "2184"]
[BlackElo "2023"]
[PlyCount "41"]
[EventDate "2016.08.13"]
[EventType "swiss"]
[EventRounds "9"]
[EventCountry "GER"]
[SourceTitle "CBM 173 Extra"]
[Source "ChessBase"]
[SourceDate "2016.08.29"]
[SourceVersion "1"]
[SourceVersionDate "2016.08.29"]
[SourceQuality "1"]

1. g3 Nf6 2. Bg2 g6 3. c4 Bg7 4. Nc3 0-0 5. d3 d6 6. e4 e5 7. Nge2 Nc6 8. 0-0 Nd7 9. Be3 Nd4 10. Bd2 Nc5 11. Bc1 Nce6 12. Nxd4 Nxd4 13. Ne2 Nxe2+ 14. Qxe2 c6 15. Be3 Be6 16. Rad1 Qa5 17. Qd2 Qxd2 18. Rxd2 c5 19. Rb1 a5 20. b3 Rfb8 21. a4 1/2-1/2

[Event "Berlin Lichtenberger op 15th"]
[Site "Berlin"]
[Date "2016.08.15"]
[Round "3"]
[White "Acikel, Mert"]
[Black "Kohler, Thomas"]
[Result "0-1"]
[WhiteElo "1820"]
[BlackElo "2184"]
[PlyCount "76"]
[EventDate "2016.08.13"]
[EventType "swiss"]
[EventRounds "9"]
[EventCountry "GER"]
[SourceTitle "CBM 173 Extra"]
[Source "ChessBase"]
[SourceDate "2016.08.29"]
[SourceVersion "1"]
[SourceVersionDate "2016.08.29"]
[SourceQuality "1"]

1. e4 c5 2. Nf3 e6 3. d4 cxd4 4. Nxd4 a6 5. Nc3 Qc7 6. Be2 Nf6 7. a3 d6 8. Be3 Nbd7 9. 0-0 b6 10. f4 Bb7 11. Bf3 Be7 12. Qe2 0-0 13. Kh1 Rfe8 14. Bg1 e5 15. fxe5 Nxe5 16. Rae1 Rac8 17. Nf5 Bf8 18. Qf2 b5 19. Qg3 g6 20. Bd4 Kh8 21. Ne3 Bg7 22. Rd1 Bc6 23. Ned5 Nxd5 24. exd5 Bd7 25. Ne4 Bf5 26. c3 Bxe4 27. Bxe4 Nc4 28. Bxg7+ Kxg7 29. Bf5 Re3 30. Qg4 Rce8 31. b3 Ne5 32. Qg5 Rxc3 33. Bh3 Qe7 34. Qf4 Rxb3 35. Rde1 Rxa3 36. Rxe5 dxe5 37. Qf2 Rd3 38. Qa2 Qb7 0-1

[Event "Berlin Kreuzberg op"]
[Site "Berlin"]
[Date "2016.07.17"]
[Round "2"]
[White "Sidabras, Jonas"]
[Black "Kohler, Thomas"]
[Result "1/2-1/2"]
[WhiteElo "1953"]
[BlackElo "2194"]
[PlyCount "46"]
[EventDate "2016.07.16"]
[EventType "swiss"]
[EventRounds "9"]
[EventCountry "GER"]
[SourceTitle "CBM 173 Extra"]
[Source "ChessBase"]
[SourceDate "2016.08.29"]
[SourceVersion "1"]
[SourceVersionDate "2016.08.29"]
[SourceQuality "1"]

1. d4 Nf6 2. Nf3 c5 3. e3 g6 4. g3 Bg7 5. Bg2 0-0 6. 0-0 d5 7. b3 Nc6 8. Bb2 Ne4 9. Nbd2 Bf5 10. Ne5 Nxd2 11. Nxc6 bxc6 12. Qxd2 cxd4 13. exd4 Qb6 14. Bc3 Rfe8 15. Rfe1 Rac8 16. Rad1 Bg4 17. Rc1 Bd7 18. h3 e6 19. Rcd1 Bf8 20. Ba5 Qa6 21. Bf1 Qb7 22. c4 Bg7 23. Bc3 Qb8 1/2-1/2

[Event "Berlin Lichtenberger op 14th"]
[Site "Berlin"]
[Date "2015.08.17"]
[Round "3"]
[White "Kohler, Thomas"]
[Black "Berger, Steve"]
[Result "1/2-1/2"]
[WhiteElo "2206"]
[BlackElo "2420"]
[PlyCount "31"]
[EventDate "2015.08.15"]
[EventType "swiss"]
[EventRounds "9"]
[EventCountry "GER"]
[SourceTitle "EXT 2016"]
[Source "ChessBase"]
[SourceDate "2015.10.08"]
[SourceVersion "1"]
[SourceVersionDate "2015.10.08"]
[SourceQuality "1"]

1. Nf3 c5 2. c4 Nc6 3. d4 cxd4 4. Nxd4 g6 5. e4 Bg7 6. Be3 Nf6 7. Nc3 d6 8. Be2 0-0 9. 0-0 Bd7 10. Qd2 Nxd4 11. Bxd4 Bc6 12. f3 Nd7 13. Be3 a5 14. Rac1 Nc5 15. b3 Be5 16. Bd1 1/2-1/2

[Event "Berlin Lichtenberger op 14th"]
[Site "Berlin"]
[Date "2015.08.16"]
[Round "2"]
[White "Schmidt, Juergen"]
[Black "Kohler, Thomas"]
[Result "0-1"]
[WhiteElo "1936"]
[BlackElo "2206"]
[PlyCount "96"]
[EventDate "2015.08.15"]
[EventType "swiss"]
[EventRounds "9"]
[EventCountry "GER"]
[SourceTitle "EXT 2016"]
[Source "ChessBase"]
[SourceDate "2015.10.08"]
[SourceVersion "1"]
[SourceVersionDate "2015.10.08"]
[SourceQuality "1"]

1. e4 c5 2. Nf3 e6 3. Nc3 a6 4. a4 Qc7 5. d4 cxd4 6. Nxd4 Bb4 7. Bd2 Nf6 8. Bd3 Nc6 9. Nxc6 bxc6 10. 0-0 Bd6 11. f4 e5 12. f5 Bc5+ 13. Kh1 a5 14. Bg5 Be7 15. Ne2 Qb6 16. Ng3 Qd8 17. Bxf6 Bxf6 18. Nh5 0-0 19. Rf3 d5 20. Nxf6+ Qxf6 21. Qe1 Ba6 22. Bxa6 Rxa6 23. Rd1 d4 24. b3 c5 25. Qe2 Rb6 26. g4 Qg5 27. Rg1 Rc8 28. Qe1 Rb4 29. h4 Qh6 30. Rh3 c4 31. g5 Qc6 32. g6 hxg6 33. fxg6 f5 34. Kh2 cxb3 35. cxb3 Qxe4 36. Qxe4 fxe4 37. h5 e3 38. h6 gxh6 39. Rxh6 Rb6 40. Rh5 Kg7 41. Rh7+ Kg8 42. Rh5 Rcc6 43. Rxe5 Rxg6 44. Rg3 Rxg3 45. Kxg3 Rd6 46. Kf3 d3 47. Rg5+ Kf7 48. Rg1 Re6 0-1

[Event "Berlin Werner Ott op"]
[Site "Berlin"]
[Date "2014.07.13"]
[Round "9"]
[White "Kohler, Thomas"]
[Black "Schmidt, Juergen"]
[Result "1-0"]
[WhiteElo "2239"]
[BlackElo "1996"]
[PlyCount "59"]
[EventDate "2014.07.05"]
[EventType "swiss"]
[EventRounds "9"]
[EventCountry "GER"]
[SourceTitle "CBM 161 Extra"]
[Source "ChessBase"]
[SourceDate "2014.08.29"]
[SourceVersion "1"]
[SourceVersionDate "2014.08.29"]
[SourceQuality "1"]

1. d4 d5 2. c4 c6 3. Nf3 Nf6 4. e3 Bf5 5. Nc3 e6 6. Nh4 Bg4 7. Qb3 Qb6 8. h3 Bh5 9. g4 Bg6 10. Nxg6 hxg6 11. g5 Nfd7 12. c5 Qc7 13. e4 b6 14. exd5 exd5 15. cxb6 Nxb6 16. Be3 Bd6 17. Rc1 Qe7 18. Be2 Rh4 19. a4 Bf4 20. Nd1 Bxe3 21. fxe3 N8d7 22. a5 Nc4 23. Bxc4 dxc4 24. Qxc4 Qxg5 25. Qxc6 Qxa5+ 26. Ke2 Qh5+ 27. Kd2 Rb8 28. Rc5 Qh6 29. Re5+ Kd8 30. Rd5 1-0

[Event "Berlin Werner Ott op"]
[Site "Berlin"]
[Date "2014.07.12"]
[Round "8"]
[White "Schulz, Hartmut"]
[Black "Kohler, Thomas"]
[Result "1/2-1/2"]
[WhiteElo "2067"]
[BlackElo "2239"]
[PlyCount "40"]
[EventDate "2014.07.05"]
[EventType "swiss"]
[EventRounds "9"]
[EventCountry "GER"]
[SourceTitle "CBM 161 Extra"]
[Source "ChessBase"]
[SourceDate "2014.08.29"]
[SourceVersion "1"]
[SourceVersionDate "2014.08.29"]
[SourceQuality "1"]

1. d4 Nf6 2. c4 g6 3. Nc3 Bg7 4. e4 d6 5. f3 0-0 6. Be3 Nbd7 7. Qd2 c5 8. Nge2 a6 9. Rd1 b6 10. Nc1 Bb7 11. Be2 Ne8 12. d5 Nc7 13. 0-0 Re8 14. Kh1 e6 15. dxe6 Rxe6 16. Nd3 Re8 17. Nf4 Be5 18. Nd3 Bg7 19. Nf4 Be5 20. Nd3 Bg7 1/2-1/2